000 01352cam a22004214i 4500
003 PE-LiUPU
005 20250731173200.0
008 150625s r 000 0 eng d
035 _a(Sirsi) a30020
040 _aPE-LiUPU
_bspa
_cPE-LiUPU
_erda
049 _aPRUA
082 0 4 _a296.4
_bO65
_221
100 1 _aOlyan, Saul M.,
_eautor.
245 1 0 _aAsherah and the cult of yahweh in israel /
_cSaul M. Olyan.
336 _atext
_2rdacontent
337 _aunmediated
_2rdamedia
338 _avolume
_2rdacarrier
526 _aSEG42
526 _aSEG41
526 _aSEG40
526 _aSEG39
526 _aP94
526 _aP87
526 _aP86
526 _aP85
526 _aP77
526 _aP76
526 _aP35
630 _aBiblia
_pA.T.
_xCrítica, interpretación, etc.
650 0 4 _aAsera (deidad semítica)
_xEnseñanza bíblica.
650 0 4 _aDios
_xAdoración y amor
_xEnseñanza bíblica.
910 _a
942 _2ddc
_cBOOK
949 _a296.4 O65
_wDEWEY
_c1
_i37233
_lCCODEBUL1
_mBUL
_p00.00
_r0
_sY
_tBOOK
_u2015-06-25
_xBIBLIOTECA
_zUNKNOWN
_0COMPRA
_o.STAFF. Colección General
596 _a1
999 _a296.4 O65
_wDEWEY
_c37436
_i37233
_f2021-11-11
_g5
_lCCODEBUL1
_mBUL
_r0
_sY
_tBOOK
_u2015-6-25
_xTEOLOGIA
_zUNKNOWN
_0COMPRA
_o.STAFF. Colección General
_d37436
980 _81
_gALBERTO SANCHEZ Responsable de Automatización